000 00453nam a2200169Ia 4500
008 221030s9999 xx 000 0 und d
020 _a8122414257
041 _aEnglish
082 _a105.23
_bSin
100 _aB. P. Singh
245 0 _aAdvanced Microprocessors & Microcontrollers
_cby B. P. Singh, R. Singh
260 _bNew Age International Pub.
_aNew Delhi
_c2002
300 _a8.49
650 _aBE Computer
700 _aR. Singh
942 _cBK
999 _c8468
_d8468